Man kha njan Kin ke (Record no. 51390)

MARC details
000 -LEADER
fixed length control field 00417nam a2200133Ia 4500
008 - FIXED-LENGTH DATA ELEMENTS--GENERAL INFORMATION
fixed length control field 211109s9999||||xx |||||||||||||| ||und||
082 ## - DEWEY DECIMAL CLASSIFICATION NUMBER
Classification number 891.433
Item number RAM-M
100 ## - MAIN ENTRY--PERSONAL NAME
Personal name Ramesh Kuntal Megh,
245 #0 - TITLE STATEMENT
Title Man kha njan Kin ke
260 ## - PUBLICATION, DISTRIBUTION, ETC.
Name of publisher, distributor, etc. Rajkamal Prakashan Pvt Ltd Delhi
Place of publication, distribution, etc. Oxford City Press
Date of publication, distribution, etc. 1900
630 ## - SUBJECT ADDED ENTRY--UNIFORM TITLE
General subdivision General stack
650 ## - SUBJECT ADDED ENTRY--TOPICAL TERM
Topical term or geographic name entry element Hindi literature
942 ## - ADDED ENTRY ELEMENTS (KOHA)
Koha item type BOOK
650 ## - SUBJECT ADDED ENTRY--TOPICAL TERM
Form subdivision Hindi fiction
General subdivision Literature & rhetoricGeneralia
Holdings
Withdrawn status Lost status Damaged status Not for loan Home library Current library Date acquired Total Checkouts Full call number Barcode Shelving location Date last seen Price effective from Koha item type
        SB LIBRARY SB LIBRARY 09/11/2021   891.433 RAM-M 00093603 GENERAL STACK 09/11/2021 09/11/2021 BOOK

Powered by Koha